000 00766nam a22002890a 4500
001 PT51821
003 AR-LpoUNG
005 20210131231443.0
008 191001s1941||||ag |||||||||||||||||spa d
040 _aAR-LpoUNG
_bspa
_cAR-LpoUNG
_eaacr
041 _aspa
044 _aag
082 0 _aR868 473dic
100 1 _aBenot, Eduardo
245 1 0 _aDiccionario de frases rimadas
250 _a1ra. ed.
260 _aBuenos Aires :
_bEl Ateneo,
_c1941.
300 _a376 p. :
_btbls., fot.
650 4 _aDICCIONARIOS
650 4 _aLENGUA ESPAÑOLA
650 4 _aMATERIAL DE REFERENCIA
651 4 _aDOCUMENTOS TEORICOS O METODOLOGICOS
700 1 _aGil, Joaquín
_epról.
710 2 _aAcademia Española (Madrid)
905 _a51821
942 _cLSALA
999 _c10123
_d10123